000 01235nam a2200277Ia 4500
003 GCL
008 140319s9999 xx 000 0 ara d
020 _a3027322977
040 _aGCL /
_cGCL
082 0 4 _a189.13
_bم ع
100 1 _aمحمود محمد على محمد
245 1 0 _aالعلاقة بين المنطق والفقه عند مفكرى الاسلام :
_b( قراءة فى الفكر الاشعرى) /
_cمحمود محمد على محمد
250 _aالاولى
260 _aالقاهرة :
_bعين للدراسات والبحوث الانسانية والاجتماعية ،
_c2000
300 _a328 ص ؛
_c24 سم
650 0 4 _aالفلسفة الاسلامية
650 0 4 _aالحركات الفكرية عند المسلمين
650 0 4 _aالفلاسفة المسلمون
650 0 4 _aالاشاعرة
650 0 4 _aابن حزم، ابومحمد على بن احمد
650 0 4 _aالشافعى: ابوعبدالله محمد بن ادريس بن العباس بن عثمان بن شافع بن السائب
650 0 4 _aالفقه الاسلامى ، أصول
650 0 4 _aالمنطق عند الشافعى
650 0 4 _aالمنطق عند الاشاعرة
942 _2ddc
_cBK
999 _c8744
_d8744